Vývoj trhu štatutárneho auditu SVZ na Slovensku diplomová práca

Saved in:
Bibliographic Details
Main Author: Lopatková, Angelika
Corporate Author: Fakulta hospodárskej informatiky EU. Katedra účtovníctva a audítorstva
Other Authors: Užík, Ján, 1969-
Format: Book
Language:Slovak
Published: Bratislava 2023
Tags: Add Tag
No Tags, Be the first to tag this record!

MARC

LEADER 00000nbm a2200000 4500
001 0294164
005 20240209094548.3
041 0 |a slo 
044 |a SK 
245 1 0 |a Vývoj trhu štatutárneho auditu SVZ na Slovensku  |b diplomová práca  |c Angelika Lopatková ; školiteľ: Ján Užík 
264 1 |a Bratislava  |c 2023 
300 |a 58 s. 
100 1 |a Lopatková, Angelika 
700 1 |a Užík, Ján, 1969- 
710 2 |a Fakulta hospodárskej informatiky EU. Katedra účtovníctva a audítorstva